000 00541nam a22001937a 4500
999 _c3031
_d3031
003 OSt
005 20230925114115.0
008 230925b ||||| |||| 00| 0 eng d
020 _a9789671562253
040 _cKH8
082 _a400 OTH
100 _aSyahril Othman,
_eauthor.
245 _aIGCSE Malay Oral Book Volume 5 /
_cSyahril Othman.
260 _aMalaysia ;
_bSyahril Education Enterprise.
440 _vVolume 5
650 _aMalay language
_vGrammar and speaking
650 _aMalay language
_vForeign language
942 _2ddc
_cTR